000 01080nam a2200241Ia 4500
003 Ost
005 20260507075117.0
008 260507s9999||||xx |||||||||||||| ||und||
020 _a1136328977
040 _cfsecg
041 _aara
082 _a330.015195
100 _aعطية، عبد القادر محمد عبد القادر
_eمؤلف
245 0 _aالحديث في الإقتصاد القياسي بين النظرية والتطبيق /
_c عبد القادر محمد عبد القادر عطية
260 _aالإسكندرية:
_bالدار الجامعية,
_c2005
300 _a917 صفحة؛
_bإيضاحات ؛
_c25 سم
504 _aالمراجع ص.915
520 _aقياس نماذج ذات المعادلة الواحدة- المشاكل القياسية- النماذج القياسية متعددة المعادلات- الإقتصاد القياسي التطبيقي
653 _aالإحصاء - المعاملات الإرتباطية
653 _aالإقتصاد
653 _aالإقتصاد القياسي
942 _cكتاب
999 _c43035
_d43035